000 00347cam a22001097a 4500
008 180718b1959 xxu||||| |||| 00| 0 eng d
082 _aR803x5434 R137r
245 _aRajasthan trade union regulations, 1959
_cby Industries Department
260 _aJaipur
_bGovernment Central Press
_c1959
300 _a17p
700 _aRajasthan. Industries Department
999 _c496569
_d496569